<?xml version="1.0" encoding="UTF-8"?>
<record
    xmlns:xsi="http://www.w3.org/2001/XMLSchema-instance"
    xsi:schemaLocation="http://www.loc.gov/MARC21/slim http://www.loc.gov/standards/marcxml/schema/MARC21slim.xsd"
    xmlns="http://www.loc.gov/MARC21/slim">

  <leader>01350nam a22002057a 4500</leader>
  <controlfield tag="003">IT-MiCISF</controlfield>
  <controlfield tag="005">20210504124430.0</controlfield>
  <controlfield tag="008">210504b           ||||| |||| 00| 0 eng d</controlfield>
  <datafield tag="040" ind1=" " ind2=" ">
    <subfield code="c">IT-MiCISF</subfield>
  </datafield>
  <datafield tag="041" ind1=" " ind2=" ">
    <subfield code="a">it</subfield>
  </datafield>
  <datafield tag="100" ind1=" " ind2=" ">
    <subfield code="a">Palazzo Salvatore</subfield>
    <subfield code="9">58894</subfield>
  </datafield>
  <datafield tag="245" ind1=" " ind2=" ">
    <subfield code="a">Guarire dalle ferite del tradimento</subfield>
    <subfield code="b">Prospettive e percorsi di riconciliazione</subfield>
  </datafield>
  <datafield tag="260" ind1=" " ind2=" ">
    <subfield code="a">Cinisello B. (MI)</subfield>
    <subfield code="b">San Paolo</subfield>
    <subfield code="c">2021</subfield>
  </datafield>
  <datafield tag="300" ind1=" " ind2=" ">
    <subfield code="a">pp. 127</subfield>
  </datafield>
  <datafield tag="500" ind1=" " ind2=" ">
    <subfield code="a">coppia, adulterio, terapia, case-studies</subfield>
  </datafield>
  <datafield tag="520" ind1=" " ind2=" ">
    <subfield code="a">Il tradimento &#xE8; un evento che si abbatte nella vita psicologica e sociale della coppia, mettendo in serio rischio la sua stessa esistenza. Questo libro spiega che &#xE8; proprio nei momenti pi&#xF9; difficili dell'esistenza che le persone esprimono capacit&#xE0; impensabili. Accompagnando i lettori nelle varie fasi della crisi e portando le storie di tante altre coppie, queste pagine mostrano che ognuno di noi pu&#xF2; riconoscere di avere capacit&#xE0; di mediazione, di negoziazione, di perdono, di forza, di coraggio. Le situazioni di stallo, i tunnel dell'anima, il guado dei sentimenti, possono trovare una motivazione che dirige verso un futuro pi&#xF9; accettabile. La resilienza nella coppia permette di unire le forze, in modo condiviso, per fronteggiare il pericolo della rottura del legame.</subfield>
  </datafield>
  <datafield tag="650" ind1=" " ind2=" ">
    <subfield code="a">coppia</subfield>
    <subfield code="9">56068</subfield>
  </datafield>
  <datafield tag="654" ind1=" " ind2=" ">
    <subfield code="a">saggio</subfield>
  </datafield>
  <datafield tag="942" ind1=" " ind2=" ">
    <subfield code="2">ddc</subfield>
    <subfield code="c">BK</subfield>
  </datafield>
  <datafield tag="999" ind1=" " ind2=" ">
    <subfield code="c">359244</subfield>
    <subfield code="d">359244</subfield>
  </datafield>
  <datafield tag="952" ind1=" " ind2=" ">
    <subfield code="0">0</subfield>
    <subfield code="1">0</subfield>
    <subfield code="2">ddc</subfield>
    <subfield code="4">0</subfield>
    <subfield code="6">B_7653_000000000000000</subfield>
    <subfield code="7">1</subfield>
    <subfield code="a">CISF</subfield>
    <subfield code="b">CISF</subfield>
    <subfield code="d">2021-05-04</subfield>
    <subfield code="l">0</subfield>
    <subfield code="o">b7653</subfield>
    <subfield code="p">9788892223868</subfield>
    <subfield code="r">2021-05-04 00:00:00</subfield>
    <subfield code="w">2021-05-04</subfield>
    <subfield code="y">BK</subfield>
  </datafield>
</record>
